Statistics for NHL Top 200 Points - All Time

Click here to take the quiz!

General Stats

  • This quiz has been taken 381 times
  • The average score is 69 of 200

Answer Stats

HintAnswer% Correct
1Wayne Gretzky
99%
16Alexander Ovechkin
92%
12Sidney Crosby
89%
2Jaromir Jagr
85%
8Mario Lemieux
84%
4Gordie Howe
81%
3Mark Messier
78%
56Bobby Hull
77%
25Bret Hull
77%
7Steve Yzerman
74%
119Bobby Orr
72%
77Henri Richard
68%
106Maurice Richard
68%
41Patrick Kane
68%
40Evgeni Malkin
67%
9Joe Sakic
66%
18Teemu Selanne
66%
122Connor McDavid
65%
195Claude Lemieux
64%
23Jari Kurri
64%
78Daniel Sedin
62%
69Henrik Sedin
62%
13Joe Thornton
62%
67Steven Stamkos
62%
30Mats Sundin
60%
26Mike Modano
60%
10Phil Esposito
59%
29Guy Lafleur
58%
199Pavel Bure
58%
142Eric Lindros
57%
36Jarome Iginla
57%
133Jonathan Toews
57%
62Mike Bossy
57%
131Peter Forsberg
57%
11Ray Bourque
57%
55Sergei Fedorov
57%
83Martin St. Louis
55%
15Paul Coffey
55%
59Nicklas Lidstrom
54%
82Bobby Smith
52%
6Marcel Dionne
51%
79Patric Bergeron
51%
17Stan Mikita
51%
48Bobby Clarke
50%
52Patrick Marleau
50%
71Keith Tkachuk
49%
24Luc Robitaille
49%
128Corey Perry
48%
182Nikita Kucherov
48%
123Brad Marchand
47%
28Brendan Shanahan
47%
57Daniel Alfredsson
47%
94Pat Lafontaine
46%
60Marian Hossa
45%
5Ron Francis
45%
54Anze Kopitar
44%
101Paul Kariya
44%
118Pavel Datsyuk
44%
20Adam Oates
43%
19Bryan Trottier
43%
111Vincent Lecavalier
43%
112Chris Chelios
42%
192Leon Draisaitl
42%
93Ryan Getzlaf
42%
66Glenn Anderson
41%
136Ilya Kovalchuk
41%
45Jean Beliveau
40%
47Jeremy Roenick
40%
96John Tavares
40%
89Patrik Elias
40%
179Rick Nash
40%
159Saku Koivu
40%
76Denis Potvin
39%
31Dave Andreychuk
38%
137Jamie Benn
38%
14Mark Recchi
38%
161Nathan Mackinnon
38%
85Nicklas Backstrom
38%
38Al MacInnis
37%
121Scott Stevens
37%
86Alexander Mogilny
36%
22Dale Hawerchuk
36%
32Denis Savard
36%
97Lanny McDonald
36%
138Markus Naslund
36%
116Brad Richards
35%
189Dany Heatley
35%
80Joe Pavelski
35%
167Paul Stastny
35%
42Peter Stastny
35%
53Rod Brind'Amour
35%
105Shane Doan
35%
88Brian Leetch
34%
63Joe Nieuwendyk
34%
21Doug Gilmour
33%
35Gilbert Perreault
32%
33Mike Gartner
32%
100Phil Kessel
32%
68Theoren Fleury
32%
81Claude Giroux
31%
107Henrik Zetterberg
31%
51Dino Ciccarelli
30%
169John Leclair
30%
185Justin Williams
30%
145Brent Burns
29%
64Darryl Sittler
29%
190Erik Karlsson
29%
99Jason Spezza
29%
109Larry Robinson
29%
27Johnny Bucyk
28%
127Peter Bondra
28%
200Rob Blake
28%
180Milan Hejduk
27%
172Marian Gaborik
26%
140Trevor Linden
26%
198Alexei Yashin
25%
34Pierre Turgeon
25%
50Vincent Damphousse
25%
87Alexei Kovalev
24%
49Bernie Nicholls
24%
134Zach Parise
24%
194Borje Salming
23%
126Brad Park
23%
84Dough Weight
23%
163Doug Wilson
23%
120Gary Roberts
23%
151Gary Suter
23%
130Owen Nolan
23%
155Ryan Smyth
23%
150Ted Lindsay
23%
166Bernie Geoffrion
22%
65Frank Mahovlich
22%
73Joe Mullen
22%
43Phil Housley
22%
72Ray Whitney
22%
115Steve Thomas
22%
39Jean Ratelle
21%
46Larry Murphy
21%
58Michel Goulet
21%
143Yvan Cournoyer
21%
37Alex Delvecchio
20%
114Blake Wheeler
20%
91Rod Gilbert
20%
147Bill Guerin
19%
160Brent Sutter
19%
70Dave Taylor
19%
74Eric Staal
19%
170Steve Shutt
19%
61Bernie Federko
18%
132Bill Barber
18%
103Dave Keon
18%
176Pit Martin
18%
124Tony Amonte
18%
92Dale Hunter
17%
108Kirk Muller
16%
44Norm Ullman
16%
75Pat Verbeek
16%
95Steve Larmer
16%
149Vyacheslav Kozlov
16%
90Brian Bellows
15%
196David Krejci
15%
158Jacques Lemaire
15%
113Jason Arnott
15%
164Red Kelly
15%
175Sergei Gonchar
15%
191Thomas Vanek
15%
104Andy Bathgate
14%
98Brian Propp
14%
117Neal Broten
14%
193Rick Vaive
14%
144Alex Tanguay
13%
152Jeff Carter
13%
183Ken Hodge
13%
125Ray Ferraro
13%
102Rick Middleton
13%
110Rick Tocchet
13%
156Scott Mellanby
13%
171Tom Steen
13%
187Wayne Cashman
13%
129Butch Goring
12%
168Stephane Richer
11%
178Jakub Voracek
10%
162John Ogrodnick
10%
148Tomas Sandstrom
10%
139Cliff Ronning
9%
135Dennis Maruk
9%
186Ed Olczyk
9%
181Garry Unger
9%
184Geoff Courtnall
9%
154John MacLean
9%
157John Tonelli
9%
197Matt Duchene
9%
177Ken Linseman
8%
174Peter McNab
8%
165Piere Larouche
8%
173Wilf Paiement
7%
141Ivan Boldirev
6%
188Mike Ribeiro
6%
153Tom Lysiak
6%
146Dean Prentice
5%

Score Distribution

Percentile by Number Answered

Percent of People with Each Score

Your Score History

You have not taken this quiz